Модифицирование поверхности графитового электрода ртутью, инкапсулированной ионопроводящими полимерами для вольтамперометрического анализа: диссертация на соискание ученой степени кандидата химических наук; спец. 02.00.02

Podrobná bibliografie
Hlavní autor: Минаев К. М. Константин Мадестович
Korporativní autor: Национальный исследовательский Томский государственный университет (ТГУ) Кафедра аналитической химии
Další autoři: Шелковников В. В. Владимир Витальевич (научный руководитель)
Shrnutí:Защищена 21.03.2012 г.
Jazyk:ruština
Vydáno: Томск, 2012
Témata:
Médium: MixedMaterials Kniha
KOHA link:https://koha.lib.tpu.ru/cgi-bin/koha/opac-detail.pl?biblionumber=212704

MARC

LEADER 00000nbm0a2200000 4500
001 212704
005 20240112105716.0
035 |a (RuTPU)RU\TPU\book\232376 
035 |a RU\TPU\book\232375 
090 |a 212704 
100 |a 20120329j20120321k y0rusy50 ca 
101 0 |a rus 
102 |a RU 
105 |a a m 001zy 
200 1 |a Модифицирование поверхности графитового электрода ртутью, инкапсулированной ионопроводящими полимерами для вольтамперометрического анализа  |e диссертация на соискание ученой степени кандидата химических наук  |e спец. 02.00.02  |f К. М. Минаев  |g Национальный исследовательский Томский государственный университет (ТГУ), Кафедра аналитической химии ; науч. рук. В. В. Шелковников 
210 |a Томск  |d 2012 
215 |a 132 л.  |c ил. 
300 |a Защищена 21.03.2012 г. 
320 |a Библиогр.: с. 112-128 (149 назв.). 
452 1 |0 (RuTPU)RU\TPU\book\344271  |t Модифицирование поверхности графитового электрода ртутью, инкапсулированной ионопроводящими полимерами для вольтамперометрического анализа  |o диссертация на соискание ученой степени кандидата химических наук  |o спец. 02.00.02  |f К. М. Минаев  |g Национальный исследовательский Томский государственный университет (ТГУ), Кафедра аналитической химии ; науч. рук. В. В. Шелковников  |c Томск  |d 2012  |a Минаев, Константин Мадестович 
606 1 |a Вольтамперометрия  |2 stltpush  |3 (RuTPU)RU\TPU\subj\3652  |9 32036 
610 1 |a ртутьсодержащие электроды 
610 1 |a вольтамперометрический анализ 
610 1 |a полимерные электролиты 
610 1 |a электрохимический анализ 
610 1 |a графитовые электроды 
610 1 |a поверхности 
610 1 |a модифицирование 
610 1 |a пленочные электродные системы 
610 1 |a акриловые сополимеры 
610 1 |a диссертации 
610 1 |a труды учёных ТПУ 
675 |a 543.552(04)  |v 3 
686 |a 02.00.02  |2 oksvnk 
700 1 |a Минаев  |b К. М.  |c специалист в области нефтегазового дела  |c доцент Томского политехнического университета, кандидат химических наук  |f 1982-  |g Константин Мадестович  |3 (RuTPU)RU\TPU\pers\29316  |9 13903 
702 1 |a Шелковников  |b В. В.  |g Владимир Витальевич  |4 727 
712 0 2 |a Национальный исследовательский Томский государственный университет (ТГУ)  |b Кафедра аналитической химии  |c (2009- )  |3 (RuTPU)RU\TPU\col\17230 
801 1 |a RU  |b 63413507  |c 20120329 
801 2 |a RU  |b 63413507  |c 20160505  |g RCR 
942 |c BK